| 000 | 00358nam a2200145Ia 4500 | ||
|---|---|---|---|
| 005 | 20251222141803.0 | ||
| 008 | 251222s9999||||xx |||||||||||||| ||spa|| | ||
| 020 | _a987-1305-06-0 | ||
| 082 | _a025.1/V38 | ||
| 100 | _aVázquez Murillo, Manuel | ||
| 245 | 0 | _aAdministración de documentos y archivos: | |
| 250 | _a2a.ed. | ||
| 264 | _bAfagrama | ||
| 942 | _cLIB | ||
| 999 |
_c6219 _d6219 |
||